[Event "53rd Biel Blitz 2020"]
[Site "Biel"]
[Date "2020.07.25"]
[Round "7.4"]
[White "Keymer, Vincent"]
[Black "Wojtaszek, Radoslaw"]
[Result "1/2-1/2"]
[WhiteElo "2476"]
[BlackElo "2690"]
[Annotator "TA"]
[PlyCount "66"]
[EventDate "2020.07.21"]
[EventType "tourn"]
[EventCountry "SUI"]
[SourceTitle "playchess.com"]
[Source "ChessBase"]
[SourceQuality "1"]

{[%evp 9,66,0,16,10,17,7,20,6,4,-19,17,16,16,16,9,12,14,16,24,22,46,30,35,30,30,21,32,12,49,-147,-124,-137,0,0,0,0,0,0,335,329,308,327,312,241,231,231,340,341,339,-27,18,19,19,19,19,19,22,16,26]} 1. Nf3 d5 2. e3 Nf6 3. c4 e6 4. Nc3 Nbd7 5. b3 b6 6. Bb2 {A17: English Opening: 1...Nf6 with ...Bb4.} Bb7 7. Rc1 a6 8. cxd5 exd5 {[#]} 9. Ne2 $146 ({Predecessor:} 9. d4 Bd6 10. g3 O-O 11. Bg2 Re8 12. O-O Qe7 13. Ne2 Rad8 14. Nf4 Ne4 15. Qc2 {1-0 (38) Nihal,S (2612)-Nepomniachtchi,I (2767) Moscow 2019}) 9... g6 10. g3 Bd6 11. Bg2 O-O 12. O-O Qe7 13. Nf4 Rac8 14. h4 Ba3 15. Qc2 Bxb2 16. Qxb2 c5 17. h5 b5 18. h6 $36 {[%mdl 2048] White has good play.} Rfe8 19. g4 $2 (19. Nh2 $1 $14 {stays ahead.}) 19... d4 $1 $17 20. g5 Ne4 (20... Bxf3 $17 21. gxf6 Qe4) 21. exd4 Nxg5 22. dxc5 $1 {[%csl Gh6][%cal Rb2g7] [#]} (22. d5 $2 Nxf3+ 23. Bxf3 Ne5 $19) 22... Nxf3+ 23. Bxf3 {[%csl Gh6][%cal Rb2g7]} Qg5+ $2 {[%mdl 8192]} (23... Ne5 $11 24. Bxb7 Qxb7) 24. Ng2 $18 {[%csl Gh6][%cal Rb2g7]} Qxh6 25. Bxb7 Rxc5 {intending ...Rh5.} 26. Rxc5 ({But not} 26. Bxa6 $2 Rh5 $19) 26... Nxc5 27. Bf3 Nd3 (27... Qg5 {was called for.} 28. d4 Qf6) 28. Qf6 Ne5 {[#] White must now prevent ...Qg5.} 29. Re1 $2 ({White should play} 29. d4 $18 Nxf3+ 30. Qxf3) 29... Nxf3+ (29... Qg5 $5 {[%cal Rg5f6]} 30. Rxe5 Qxf6 31. Rxe8+ Kg7 $15) 30. Qxf3 {The position is equal.} Rxe1+ 31. Nxe1 {aiming for d4.} Qxd2 32. Nd3 Qxa2 33. Qd5 Qa1+ {Accuracy: White = 75%, Black = 71%.} 1/2-1/2

[Event "53rd Biel Blitz 2020"]
[Site "Biel"]
[Date "2020.07.25"]
[Round "8.1"]
[White "Anton Guijarro, David"]
[Black "Studer, Noel"]
[Result "1/2-1/2"]
[WhiteElo "2590"]
[BlackElo "2422"]
[Annotator "TA"]
[PlyCount "57"]
[EventDate "2020.07.21"]
[EventType "tourn"]
[EventCountry "SUI"]
[SourceTitle "playchess.com"]
[Source "ChessBase"]
[SourceQuality "1"]

{[%evp 14,57,0,9,3,0,0,0,0,-25,-14,-8,-6,-25,-8,-52,90,116,168,151,119,21,69,70,71,18,32,0,5,4,4,0,14,25,25,0,0,0,0,0,0,0,0,0,0,0]} 1. d4 Nf6 2. Nf3 d5 3. g3 c5 4. Bg2 cxd4 5. O-O e6 6. Nxd4 e5 7. Nb3 Be6 8. Nc3 Be7 {D02: 1 d4 d5 2 Nf3 sidelines, including 2...Nf6 3 g3 and 2...Nf6 3 Bf4.} 9. f4 exf4 10. gxf4 g6 11. Nd4 Nc6 12. Nxe6 fxe6 13. e4 {[%cal Re4d5] [#]} d4 $146 ({Predecessor:} 13... dxe4 14. Nxe4 Nxe4 15. Bxe4 Qxd1 16. Rxd1 Bc5+ 17. Kg2 Ke7 18. c3 Rhf8 19. b4 Bd6 {1-0 (52) Ponkratov,P (2630)-Shuvalova,P (2441) Khanty-Mansiysk 2018}) 14. Ne2 e5 (14... Qb6 $15 {stays ahead.} 15. Kh1 Rd8) 15. fxe5 $16 Ng4 {[#]} (15... Nxe5 $16 16. Nxd4 O-O) 16. Nf4 $1 $18 Ncxe5 17. Nd3 (17. Nd5 $16) 17... Qc7 18. Bf4 {aiming for Bh3.} Bd6 $1 19. Bh3 ({White should try} 19. Nxe5 $16 Nxe5 20. Bxe5 Bxe5 21. Qg4) 19... h5 {[#] ...Nxd3 is the strong threat.} 20. Bxg4 Nxg4 21. e5 Be7 22. Qe2 g5 23. Bd2 O-O-O 24. Rf7 {And now Bb4 would win.} Nh6 {The position is equal.} 25. Rf2 Ng4 26. Rf7 Nh6 $1 {[%cal Rh6f7]} 27. Rf2 Ng4 28. Rf7 Nh6 29. Rf2 {Accuracy: White = 72%, Black = 81%.} 1/2-1/2

[Event "53rd Biel Blitz 2020"]
[Site "Biel"]
[Date "2020.07.25"]
[Round "8.2"]
[White "Naiditsch, Arkadji"]
[Black "Edouard, Romain"]
[Result "1-0"]
[WhiteElo "2581"]
[BlackElo "2614"]
[Annotator "TA"]
[PlyCount "41"]
[EventDate "2020.07.21"]
[EventType "tourn"]
[EventCountry "SUI"]
[SourceTitle "playchess.com"]
[Source "ChessBase"]
[SourceQuality "1"]

{[%evp 9,41,0,12,-13,0,-11,0,-19,-16,-37,-25,-16,-26,-25,84,75,95,67,188,188,177,189,532,522,728,689,625,281,280,288,632,632,633,604]} 1. e4 c5 2. Nf3 Nc6 3. Bb5 e6 4. Bxc6 bxc6 5. b3 f6 6. e5 {B30: Sicilian: 2...Nc6 3 Bb5, lines without ...g6.} Nh6 7. O-O Nf7 {[#]} 8. exf6 $146 {The position is equal.} ({Predecessor:} 8. Bb2 Be7 9. Na3 O-O 10. Nc4 Ba6 11. d3 Bxc4 12. dxc4 fxe5 13. Nxe5 Nxe5 14. Bxe5 d6 {1-0 (67) Vasquez Schroder,R (2542)-Moiseenko,A (2711) Khanty-Mansiysk 2013}) 8... Qxf6 9. Nc3 d5 10. Re1 Bd6 {Hoping for ...0-0.} 11. Ba3 e5 (11... h6 $11) 12. d4 $1 $16 {[%cal Rd4e5]} e4 13. dxc5 Be7 {[#]} ({Black should play} 13... Bc7 $14 14. Nxd5 cxd5 15. Qxd5 {[%mdl 64] Double Attack} O-O 16. Qxa8 exf3 17. Qxf3 Qxf3 18. gxf3 Ne5) 14. Nxd5 $1 $18 {[%mdl 512]} cxd5 15. Qxd5 {[%mdl 64] Double Attack} Rb8 $2 (15... exf3 {is tougher.} 16. Qxa8 O-O) 16. Qxe4 Bf5 17. Qa4+ Kf8 {[#]} 18. c6 (18. Rxe7 $142 $1 {[%mdl 512]} Qxa1+ (18... Qxe7 19. c6) 19. Re1 Qxe1+ 20. Nxe1) 18... Bxa3 19. Qxa3+ Qd6 $2 (19... Kg8 20. Qxa7 Rf8) 20. Qxa7 {Threatens to win with Rad1.} Rc8 21. Rad1 {Black got outplayed after the opening. Accuracy: White = 79%, Black = 32%.} 1-0

[Event "53rd Biel Blitz 2020"]
[Site "Biel"]
[Date "2020.07.25"]
[Round "8.3"]
[White "Adams, Michael"]
[Black "Harikrishna, Pentala"]
[Result "1/2-1/2"]
[WhiteElo "2709"]
[BlackElo "2663"]
[Annotator "TA"]
[PlyCount "91"]
[EventDate "2020.07.21"]
[EventType "tourn"]
[EventCountry "SUI"]
[SourceTitle "playchess.com"]
[Source "ChessBase"]
[SourceQuality "1"]

{[%evp 12,91,52,40,62,34,32,33,24,25,35,26,38,0,0,0,0,13,11,6,0,0,-6,0,-8,-39,20,-25,-22,-13,0,0,0,0,0,0,31,31,31,31,36,9,13,0,5,-16,95,0,0,-20,6,19,23,-19,0,0,0,0,14,24,33,12,52,2,8,9,14,17,32,0,14,15,21,4,7,0,0,0,0,0,0,0]} 1. e4 c5 2. Nf3 Nc6 3. Bb5 d6 4. O-O Bd7 5. Re1 g6 6. c3 Bg7 {6...a6 is the modern continuation.} 7. d4 a6 {B51: Sicilian: Moscow Variation (3 Bb5+) without 3...Bd7.} 8. Bf1 cxd4 9. cxd4 Bg4 {White is slightly better.} 10. d5 Nd4 11. Nbd2 Rc8 12. Bd3 (12. Nc4 {is more complex.} b5 13. Be3 Bxf3 14. gxf3 Nxf3+ 15. Qxf3 bxc4 16. Rac1) 12... Nxf3+ 13. Nxf3 Nf6 14. h3 Bxf3 15. Qxf3 {[#]} O-O $146 ({Predecessor:} 15... Nd7 16. Qe2 O-O 17. Bg5 Bf6 18. Bf4 Qb6 19. Rab1 Be5 20. Bh6 Bg7 21. Bg5 Bf6 {1-0 (56) Malakhov,V (2515)-Naumann,A (2365) Menorca 1996}) 16. Be3 Nd7 17. Qe2 Qa5 18. a3 Rc7 (18... Ne5 $15) 19. f4 Qa4 20. Rad1 Nc5 21. Bc2 Qb5 22. Qxb5 axb5 23. Bd4 e5 24. fxe5 Nd7 25. Bd3 b4 26. axb4 Bxe5 27. Be3 Bxb2 28. Bb5 (28. Rb1 $5 {[%cal Rb1b2]} Be5 29. Rec1 $11) 28... Ne5 {[#]} (28... Rfc8 $11) 29. Re2 ({White should try} 29. Rb1 $1 $16 {[%cal Rb1b2]} Rc2 30. Ba4) 29... Ba3 $1 $11 30. Bb6 Rcc8 31. Rb1 Bc1 32. Ra2 Bf4 33. Rf1 Bg5 34. Bd4 Be7 35. Ra7 Rb8 36. Rc1 Bf6 {[#] ...Nf3+! is the strong threat.} 37. Bb6 Bg5 38. Rc2 Bd8 39. Bd4 Bf6 {Strongly threatening ...Nf3+!} 40. Bb6 Bd8 {The position is equal.} 41. Be3 h5 42. Kh2 {Black should prevent Bh6.} Kg7 43. Bd4 Bf6 44. Bb6 Bd8 45. Bd4 Bf6 46. Bb6 {Accuracy: White = 74%, Black = 83%.} 1/2-1/2

[Event "53rd Biel Blitz 2020"]
[Site "Biel"]
[Date "2020.07.25"]
[Round "8.4"]
[White "Wojtaszek, Radoslaw"]
[Black "Keymer, Vincent"]
[Result "1/2-1/2"]
[WhiteElo "2690"]
[BlackElo "2476"]
[Annotator "TA"]
[PlyCount "116"]
[EventDate "2020.07.21"]
[EventType "tourn"]
[EventCountry "SUI"]
[SourceTitle "playchess.com"]
[Source "ChessBase"]
[SourceQuality "1"]

{[%evp 15,116,10,6,0,0,-4,2,-169,-163,-173,-152,-166,-60,-60,-61,-55,-33,-87,-73,-95,-25,-163,-43,-145,-96,-139,-148,-155,-140,-178,-177,-174,-183,-195,-187,-178,-180,-260,-235,-227,-217,-304,-290,-310,-227,-236,-234,-216,-231,-226,-189,-144,-54,-42,-39,-74,-81,-243,-258,-301,-230,-273,-110,-102,-108,-110,-84,-172,-186,-197,-175,-169,-31,-22,0,0,0,-124,-118,-424,-8,-56,0,-8,-9,-9,0,0,0,0,0,0,0,0,0,0,0,-31,0,0,0,-18,0]} 1. c4 c6 2. Nf3 d5 3. e3 Nf6 4. Nc3 e6 5. Qc2 Bd6 6. d4 Nbd7 7. b3 O-O 8. Bb2 e5 9. Be2 {D45: Semi-Slav: 5 e3.} e4 10. Nd2 Nb8 {[#]} 11. g4 $146 (11. h3 $11) ({Predecessor:} 11. h3 Na6 12. a3 Be6 13. O-O Nd7 14. Ndxe4 dxe4 15. Qxe4 Nc7 16. Qc2 f5 17. Bd3 {½-½ (34) Krasenkow,M (2671)-Bok,B (2607) Wijk aan Zee 2018}) 11... Bxg4 $19 12. Bxg4 Nxg4 13. cxd5 cxd5 (13... Qh4 $19 14. Nf1 Bb4 15. dxc6 Nxc6) 14. Nxd5 $15 f5 $1 15. h3 Qh4 (15... Nxf2 16. Kxf2 Qh4+ 17. Ke2 $14) 16. Rf1 (16. Nc4 $15 Nxf2 17. Nxd6 (17. Qxf2 $2 Bg3 $19) 17... Nxh1+ 18. Kd2 Qf2+ 19. Kc3) 16... Nh2 $17 17. Rg1 {Threatens to win with Nc7.} Nc6 (17... Nd7 $17 18. Qc4 Rf7) 18. O-O-O (18. Qc4 $11 {and White stays safe.} Kh8 19. Qb5) 18... Qxf2 (18... b5 $19 19. Kb1 (19. Qxc6 $2 Rac8 $19) 19... Rac8) 19. Nc4 (19. Qc4 $15 Kh8 20. Kb1) 19... Qxc2+ 20. Kxc2 Rad8 21. Rg2 Nf3 22. a3 Bb8 23. Nc3 a6 24. Nd2 Nxd2 25. Rdxd2 Ne7 26. d5 (26. b4 $142) 26... Be5 27. d6 Nc6 (27... Bxd6 $2 28. Nxe4 $1 {[%mdl 512]} Bxa3 29. Bxa3 $18) 28. d7 (28. Rd1 $142) 28... Rf7 $19 29. Nd5 {If only White now had time for Nb6....} Bxb2 (29... Rfxd7 30. Bxe5 Rxd5 31. Rxd5 $15) 30. Kxb2 Ne5 31. Nb6 {[#]} Nd3+ $1 (31... Nxd7 32. Rd5 $11) 32. Ka2 Rf6 33. Rc2 (33. Nd5 Re6 $19) 33... g6 ({Stronger than} 33... Rxb6 {[#]} 34. Rc8 $1 $16 {[%mdl 512]}) (33... Rd6 $17 {aiming for ...Kf7.} 34. Rc7 f4 35. exf4 Nxf4) 34. Rc8 $15 Rff8 35. Rgc2 Kf7 36. Rxd8 $2 (36. h4 $17) 36... Rxd8 $17 {[%mdl 4096] Endgame KRN-KRN} 37. Rc7 Ke6 38. Kb1 Kd6 (38... g5 $19 {is more deadly.} 39. Kc2 h5) 39. Rc8 Ke7 40. Kc2 Ne5 41. Rc7 (41. Kd1 $17) 41... Nxd7 $19 42. Rxb7 Ke6 43. Nc4 g5 ({Black should try} 43... Ne5 $19 44. Rb6+ Kd5) 44. Ra7 $15 f4 45. Rxa6+ Ke7 46. Rh6 (46. Ra5 $11 {remains equal.}) 46... f3 $17 {Strongly threatening ...f2.} 47. Nd2 $2 {[%mdl 8192]} (47. Rxh7+ $17 {was the crucial defense.} Ke6 48. Nd2) 47... Nc5 $2 (47... Nf6 $19 48. a4 Kf7) 48. Nf1 Ne6 (48... Nd3 $15 49. Rxh7+ Ke6 50. Rh6+ Kf7) 49. Ng3 Rc8+ 50. Kd2 {Hoping for Nf5+.} Rd8+ 51. Kc2 Rc8+ 52. Kd2 {Nf5+ is the strong threat.} Rd8+ 53. Kc2 Rd3 54. Rxh7+ Kf8 55. Rh6 Kf7 56. Rh7+ ({But not} 56. Nxe4 $2 Rxe3 57. Nd6+ Kg8 $19) (56. Rf6+ $5 Ke7 57. Rxf3 Nd4+ 58. exd4 Rxf3 59. Nxe4 $11) 56... Kf8 {[%mdl 1024] Black has compensation.} (56... Ng7 $5 {[%cal Rf7g6]} 57. Nxe4 Rxe3 58. Nd6+ Kf6 59. Rh6+ Ke7 $11) 57. Rh6 Kf7 58. Rh7+ (58. Nxe4 Rxe3 59. Rf6+ Ke7 $19) 58... Kf8 {Accuracy: White = 52%, Black = 58%.} 1/2-1/2

[Event "53rd Biel Blitz 2020"]
[Site "Biel"]
[Date "2020.07.25"]
[Round "9.1"]
[White "Wojtaszek, Radoslaw"]
[Black "Studer, Noel"]
[Result "1-0"]
[WhiteElo "2690"]
[BlackElo "2422"]
[Annotator "TA"]
[PlyCount "85"]
[EventDate "2020.07.21"]
[EventType "tourn"]
[EventCountry "SUI"]
[SourceTitle "playchess.com"]
[Source "ChessBase"]
[SourceQuality "1"]

{[%evp 19,85,0,0,0,0,0,15,24,26,4,54,8,17,0,0,0,0,0,0,0,0,-5,0,-6,-5,-60,0,0,0,0,34,0,167,114,197,208,205,200,270,262,308,234,243,192,247,238,308,255,293,295,341,339,328,318,365,361,417,408,725,700,637,634,767,763,687,681,514,272]} 1. c4 e5 2. Nc3 Nf6 3. Nf3 Nc6 4. d3 d5 5. cxd5 Nxd5 6. Bd2 Be7 7. g3 O-O 8. Bg2 Be6 9. O-O h6 10. a3 Qd7 11. b4 {[%cal Bb2b4,Bb4b5][%mdl 32] A29: English Opening: Four Knights Variation with 4 g3.} a6 {[%cal Ba7a6,Ba6a5][%mdl 32]} 12. Rc1 Nxc3 13. Bxc3 {[#] The position is equal.} Bf6 $146 ({Predecessor:} 13... f6 14. Re1 Rad8 15. Qc2 Bd5 16. Red1 Qe6 17. Qb2 e4 18. Ne1 exd3 19. Nxd3 Bxg2 20. Kxg2 {1-0 (50) Lehtinen,H (2338)-Sisatto,O (2227) Tampere 2002}) 14. Re1 a5 15. b5 Nd4 16. a4 Bb3 $36 {[%mdl 2048] White is under pressure.} 17. Qd2 {Threatens to win with Nxd4.} Bxa4 18. Nxd4 exd4 19. Bxa5 c6 20. bxc6 Bxc6 21. Bxc6 bxc6 22. Rc4 (22. Bb6 $11) 22... Rfe8 (22... Bg5 $1 $15 23. f4 Bf6) 23. Bb6 $11 h5 24. Qf4 {[%cal Rb6d4]} Ra2 25. Bxd4 Bd8 $2 {[#] Black is now going downhill.} (25... Rexe2 $11 {and Black has nothing to worry.} 26. Rxe2 Rxe2) 26. Qf3 (26. e3 $1 $18) 26... h4 (26... Ba5 $16 {was worth a try.} 27. Ra1 Rxa1+ 28. Bxa1 Qd5) 27. Qxc6 $18 Qxc6 28. Rxc6 h3 29. Rc8 Ra6 30. f3 f5 31. Kf2 Kf7 (31... f4 $142 32. Rb8 Rae6) 32. Rb8 Kg6 33. Rc1 Rae6 34. Rc2 f4 35. Rb7 fxg3+ 36. Kxg3 Bf6 37. Bxf6 gxf6 {[%mdl 4096] Endgame KRR-KRR} 38. e4 Re5 (38... f5 $142 39. Rcc7 Ra6 40. Rg7+ Kf6 41. Kxh3 Ra1 42. Rbf7+ Ke5 43. Rxf5+ Kd4 44. Rd5+ Ke3) 39. Rcc7 {[#] Intending Rg7+ and mate.White is clearly winning.} Rg5+ 40. Kf4 {Threatening mate with Rg7+.} Rg8 41. Rh7 Rh5 42. Rxh5 Kxh5 43. Rh7+ {Accuracy: White = 76%, Black = 42%.} 1-0

[Event "53rd Biel Blitz 2020"]
[Site "Biel"]
[Date "2020.07.25"]
[Round "9.2"]
[White "Adams, Michael"]
[Black "Keymer, Vincent"]
[Result "1-0"]
[WhiteElo "2709"]
[BlackElo "2476"]
[Annotator "TA"]
[PlyCount "155"]
[EventDate "2020.07.21"]
[EventType "tourn"]
[EventCountry "SUI"]
[SourceTitle "playchess.com"]
[Source "ChessBase"]
[SourceQuality "1"]

{[%evp 9,155,10,43,0,9,14,25,15,14,10,13,20,21,16,17,22,10,18,19,17,17,18,21,22,16,15,15,12,48,24,45,31,71,70,74,31,42,30,131,143,433,418,490,452,426,444,438,372,437,434,510,353,639,548,823,534,785,636,589,497,1916,497,497,490,483,483,439,397,4810,585,912,402,988,645,2204,1195,928,345,552,323,323,305,323,323,300,276,337,323,571,571,916,942,887,715,511,48,48,48,422,316,297,8,948,948,1145,1138,1098,1073,1058,1051,1051,1029,973,876,876,876,817,758,733,675,29953,29950,29956,29960,29964,500,29972,29973,29973,29970,29976,29968,29972,29972,29972,29973,29973,29974,29973,29975,29982,29983,29981,29977,29995,29996,29996,29992]} 1. e4 c6 2. Nf3 d5 3. exd5 cxd5 4. Ne5 Nf6 5. d4 a6 6. c4 {B10: Caro-Kann: 2 d3 and 2 c4.} g6 7. Nc3 Bg7 8. cxd5 {White has an edge.} O-O {[#]} 9. Bc4 $146 ({Predecessor:} 9. Qb3 Nbd7 10. Be2 Ne8 11. Bf4 Nd6 12. O-O Nf5 13. Rad1 Nxd4 14. Rxd4 Nxe5 15. Re4 Nd7 {1-0 (26) Gronde,I (2223)-Andre,W (2208) Germany 2009}) 9... b5 10. Bb3 Bb7 {[%cal Rf6d5]} 11. O-O Nxd5 12. Qf3 {[%cal Rb3d5]} e6 13. Nxd5 Bxd5 14. Bxd5 Qxd5 15. Qxd5 exd5 16. Be3 Bxe5 17. dxe5 Nc6 18. f4 Rfe8 19. Rfd1 f6 20. Rac1 Na5 21. b3 {Bb6 is the strong threat.} fxe5 22. Bb6 Nb7 23. Rc7 $36 {[%mdl 2048] White fights for an advantage.} Nd6 (23... Nd8 $1 $11) 24. Rxd5 $16 Re6 $2 {[%mdl 8192]} (24... Nf5 $16 {might work better.}) 25. Rc6 $18 exf4 26. Rcxd6 Re2 27. Rd2 Rae8 28. Rd8 Kf7 29. R8d7+ Kf6 30. Kf1 Re1+ (30... Rxd2 $142 31. Rxd2 Re6) 31. Kf2 Rh1 32. Kf3 g5 33. R2d6+ Kf5 34. Rd5+ Kg6 (34... Re5 $142 35. Rxe5+ Kxe5 36. Bd4+ Kf5 37. Rd5+ Kg6 38. Rd6+ Kf7 39. Rf6+ Ke8 40. Rxa6 Rxh2) 35. R7d6+ (35. Bd4 $142 Rhe1 36. Rg7+ Kh6 37. Rgxg5) 35... Kh5 {[#] ( -> ...Rf1+)} 36. g4+ fxg3 37. hxg3 Rf1+ 38. Kg2 Ree1 $2 (38... Rfe1 39. Bf2 R1e6) 39. Rd2 (39. Bf2 $142 {White wants to mate with Rd4.} Rxf2+ 40. Kxf2) 39... Ra1 40. Bd4 (40. Bf2 $142 {Threatening mate with R2d4.} Kg4 41. R6d4+ Kf5 42. g4+ Kf6 43. Rd7 Rxf2+ 44. Rxf2+ Ke5 45. Rxh7) 40... Rab1 (40... Rad1 $142 41. Be3 Rxd2+ 42. Bxd2 Ra1) 41. Re6 Kg4 42. Re4+ Kf5 43. Ree2 $2 (43. Rde2 Rbd1 44. Re7) 43... h5 (43... Rbe1 $142 44. Rf2+ Rxf2+ 45. Bxf2 Re5) 44. Rf2+ Rxf2+ 45. Kxf2 {[%mdl 4096] Endgame KRB-KR} ({Much less strong is} 45. Rxf2+ Kg4 $18) 45... h4 46. gxh4 gxh4 47. Kg2 Ke4 48. Bf6 a5 $2 (48... h3+ 49. Kxh3 Rh1+ 50. Kg4 Rg1+ 51. Kh5 Kf5 52. Rf2+ Ke4) 49. Bxh4 a4 50. bxa4 bxa4 51. Be7 Ke3 52. Rc2 $2 (52. Bg5+ $18 Ke4 53. Rf2) 52... Kd3 $14 53. Rf2 {And now Kf3 would win.} Rb7 $2 {[%mdl 8192]} (53... Re1 $1 $14) 54. Bc5 Rc7 {[#]} 55. Bb4 $2 (55. Rf3+ $1 $18 Ke4 56. Bf2) 55... Rb7 $2 {[%mdl 8192]} (55... Rc2 $11) 56. a3 $18 Kc4 57. Rf5 Rb5 58. Rf4+ Kb3 59. Kf3 Re5 60. Rd4 Re6 61. Rd3+ Kc4 62. Rc3+ Kb5 63. Rc5+ Kb6 64. Ra5 Rf6+ 65. Ke4 Rf7 66. Rxa4 Rd7 67. Ra8 (67. Ra5 $142 Rh7 68. Re5 Rh4+ 69. Kd3 Kc6 70. Be7 Rf4 71. Kc3 Ra4 72. Bb4) 67... Kb7 (67... Kb5 $18 68. Rb8+ Ka4) 68. Rh8 {White mates.} Kb6 69. Rh5 Rd1 70. Bc3 Rd7 71. Bd4+ Ka6 72. Kd3 Rc7 73. Bc5 Rd7+ 74. Kc4 Rg7 75. Rh6+ Kb7 76. Kb5 Rg1 77. Rh7+ Kc8 78. Kc6 {Accuracy: White = 53%, Black = 37%.} 1-0

[Event "53rd Biel Blitz 2020"]
[Site "Biel"]
[Date "2020.07.25"]
[Round "9.3"]
[White "Naiditsch, Arkadji"]
[Black "Harikrishna, Pentala"]
[Result "1-0"]
[WhiteElo "2581"]
[BlackElo "2663"]
[Annotator "TA"]
[PlyCount "69"]
[EventDate "2020.07.21"]
[EventType "tourn"]
[EventCountry "SUI"]
[SourceTitle "playchess.com"]
[Source "ChessBase"]
[SourceQuality "1"]

{[%evp 19,69,34,29,20,23,21,31,12,17,0,67,68,78,70,84,98,145,134,389,404,702,695,682,677,1091,518,525,520,520,517,525,518,504,477,797,783,656,739,745,637,940,892,2807,2730,2242,2121,29979,29980,29979,29980,29981,29979]} 1. e4 e5 2. Nf3 Nc6 3. Bb5 a6 4. Bxc6 dxc6 5. O-O Bg4 6. h3 Bxf3 7. Qxf3 Qd7 8. d3 h5 9. Nd2 O-O-O 10. Nc4 f6 11. a4 {C68: Ruy Lopez: Exchange Variation, sidelines.} g5 12. Qe3 {Qa7 is the strong threat.} Kb8 13. b4 {White is slightly better.} g4 14. h4 Bh6 {[#]} (14... Bxb4 $11 15. Rb1 Qe7) 15. Qe1 $146 ({Predecessor:} 15. Qg3 Bxc1 16. Rfxc1 Ne7 17. Re1 Qd4 18. Qe3 b6 19. g3 Rhf8 20. a5 b5 21. Qxd4 Rxd4 {0-1 (40) Nataf,I (2559)-Mamedyarov,S (2646) Warsaw 2005}) 15... Bxc1 16. Qxc1 Ne7 {[#]} 17. b5 $1 $36 {[%mdl 2560] White is in control.} cxb5 (17... axb5 18. axb5) 18. axb5 Qxb5 $2 {[%mdl 8192]} (18... Nc8 $16 {keeps fighting.}) 19. Qa3 $18 Nc8 (19... Qd7 $142 20. Rfb1 Qe6) 20. Rfb1 Qc6 {[#] intending ...Nb6.} 21. Na5 $1 {[%mdl 576] Double Attack} Qd6 22. Nxb7 (22. Rxb7+ $142 Ka8 23. Rb4) 22... Qxa3 23. Nxd8+ Nb6 24. Rxa3 Rxd8 25. Rxa6 {[%mdl 4096] Endgame KRR-KRN} Kb7 26. Ra5 Rg8 (26... Kc6 $142 27. g3 Rg8) 27. c4 Kc6 28. c5 Nc8 29. Rb8 Kd7 30. Raa8 c6 31. Rb7+ Kd8 32. Kf1 g3 33. f3 {White mates.} Rf8 34. Ke2 f5 35. exf5 {White took control after the opening. Accuracy: White = 90%, Black = 39%.} 1-0

[Event "53rd Biel Blitz 2020"]
[Site "Biel"]
[Date "2020.07.25"]
[Round "9.4"]
[White "Anton Guijarro, David"]
[Black "Edouard, Romain"]
[Result "1/2-1/2"]
[WhiteElo "2590"]
[BlackElo "2614"]
[Annotator "TA"]
[PlyCount "86"]
[EventDate "2020.07.21"]
[EventType "tourn"]
[EventCountry "SUI"]
[SourceTitle "playchess.com"]
[Source "ChessBase"]
[SourceQuality "1"]

{[%evp 9,86,24,18,7,42,40,50,31,79,50,93,72,93,96,111,60,68,51,38,33,41,35,37,24,30,33,34,20,14,0,32,30,24,-4,0,-31,-31,-47,-37,-34,-42,-42,-2,-41,-31,-56,-56,-58,-56,-64,-35,-35,-15,-35,-15,-35,-15,-35,-35,-35,-30,-35,-12,-16,-16,-43,0,-3,-3,-3,-3,-3,-3,-3,-3,-3,-3,-3,-3]} 1. Nf3 d5 2. b3 c5 3. e3 Nf6 4. Bb2 g6 5. c4 Bg7 6. cxd5 {A06: Réti Opening: 1 Nf3 d5.} O-O (6... Qxd5 {looks sharper.} 7. Nc3 Qf5 8. Ne2 O-O 9. Ng3 Qd7) 7. Bxf6 Bxf6 8. Nc3 {[#] White is slightly better.} a6 $146 ({Predecessor:} 8... Qa5 9. Rc1 Bxc3 10. Rxc3 Qxa2 11. Rxc5 Na6 12. Qc2 Qxc2 13. Rxc2 Nb4 14. Rc5 b6 {1-0 (22) Mollison,J (1929)-Izod,C (1943) Newcastle 2019}) 9. Be2 Bg7 10. O-O b5 11. Rc1 Nd7 12. d4 ({White should play} 12. a4 $16) 12... Bb7 $1 $14 13. dxc5 Nxc5 14. Nxb5 axb5 15. Rxc5 Rxa2 16. Bxb5 Qb6 17. b4 Rb2 $1 {[%cal Rb2b4]} 18. Bc6 {[#] And now Rb5 would win.} Rxb4 19. Rc2 Ba6 20. Re1 Rd8 21. Nd4 Bc4 22. Qc1 Bd3 23. Rd2 Rb1 24. Rxd3 Rxc1 25. Rxc1 e6 26. dxe6 fxe6 {[%cal Rg7d4]} 27. Rdc3 Bxd4 28. exd4 Qxd4 {[#] ( -> ...Qd1+!)} 29. Bf3 h5 30. Re3 Kf7 31. h3 Kf6 32. Rce1 Rd6 33. Re4 Qb6 34. R4e3 Qb5 35. Re4 Qe8 36. Rf4+ Kg7 37. Rfe4 g5 38. Re5 {The position is equal.} Qg6 39. g3 h4 40. gxh4 gxh4+ 41. Bg4 Qf6 42. Rxe6 Rxe6 43. Rxe6 Qf4 {Accuracy: White = 82%, Black = 76%.} 1/2-1/2